000
00186nam a2200073Ia 4500
008
170524s9999 xx 000 0 und d
100
_a
RAO- A.B
245
0
_a
BUSINESS ETHICS & PROFESSIONAL VALUES
260
_b
EXCEL BOOKS
999
_c
8191
_d
8191